LEADER 01625nam--2200445---450- 001 990000099250203316 005 20101214101904.0 010 $a88-324-3586-1 035 $a0009925 035 $aUSA010009925 035 $a(ALEPH)000009925USA01 035 $a0009925 100 $a20001006d2000----km-y0itay0103----ba 101 0 $aita 102 $aIT 105 $a||||||||001yy 200 1 $aIVA in edilizia guida pratica alle aliquote ridotte$elegislazione, istruzione ministeriali, giurisprudenza, formulario e schemi operativi$fAdalberto Gambetti, Giampaolo Giuliani 210 $aMilano$cIl sole 24 ore$dcopyr. 2000 215 $aXVIII, 265 p.$d24 cm$e1 CD-Rom 225 2 $aEdilizia e urbanistica$v3586/01 410 0$12001$aEdilizia e urbanistica$v3586/01 606 $aEdilizia$xImposta sul valore aggiunto$xLegislazione 676 $a343.450558569 700 1$aGAMBETTI,$bAdalberto$0427031 701 1$aGIULIANI,$bGiampaolo$0299464 801 0$aIT$bsalbc$gISBD 912 $a990000099250203316 951 $aXXIV.5.C. 804 (IG VII 596)$b8335 E.C.$cXXIV.5.C. 804 (IG VII)$d00005869 959 $aBK 979 $aTAMI$b40$c20001006$lUSA01$h1011 979 $aTAMI$b40$c20001006$lUSA01$h1249 979 $aTAMI$b40$c20001006$lUSA01$h1250 979 $aTAMI$b40$c20001009$lUSA01$h1032 979 $c20001110$lUSA01$h1710 979 $c20020403$lUSA01$h1617 979 $aPATRY$b90$c20040406$lUSA01$h1608 979 $aRSIAV5$b90$c20090902$lUSA01$h1541 979 $aRSIAV2$b90$c20101214$lUSA01$h1019 996 $aIVA in edilizia guida pratica alle aliquote ridotte$9881689 997 $aUNISA LEADER 02273nam 2200589 a 450 001 9910701559603321 005 20130228094343.0 035 $a(CKB)5470000002419491 035 $a(OCoLC)781086213 035 $a(EXLCZ)995470000002419491 100 $a20120321d2011 ua 0 101 0 $aeng 135 $aurbn||||a|||| 181 $ctxt$2rdacontent 182 $cc$2rdamedia 183 $acr$2rdacarrier 200 10$aChina's one-child policy$b[electronic resource] $ethe government's massive crime against women and unborn babies : hearing before the Subcommittee on Africa, Global Health, and Human Rights of the Committee on Foreign Affairs, House of Representatives, One Hundred Twelfth Congress, first session, September 22, 2011 210 1$aWashington :$cU.S. G.P.O.,$d2011. 215 $a1 online resource (iii, 77 pages) 300 $aTitle from title screen (viewed on Mar. 21, 2012). 300 $aPaper version available for sale by the Supt. of Docs., U.S. G.P.O. 300 $a"Serial no. 112-105." 320 $aIncludes bibliographical references. 517 $aChina's one-child policy 606 $aFamily size$xGovernment policy$zChina 606 $aForced abortion$xGovernment policy$zChina 606 $aBirth control$xGovernment policy$zChina 606 $aInvoluntary sterilization$xGovernment policy$zChina 606 $aFamily planning$xGovernment policy$zChina 606 $aReproductive rights$zChina 606 $aWomen's rights$zChina 606 $aSex preselection 606 $aSex ratio$zChina 607 $aChina$xPopulation policy 607 $aUnited States$xForeign relations$zChina 607 $aChina$xForeign relations$zUnited States 615 0$aFamily size$xGovernment policy 615 0$aForced abortion$xGovernment policy 615 0$aBirth control$xGovernment policy 615 0$aInvoluntary sterilization$xGovernment policy 615 0$aFamily planning$xGovernment policy 615 0$aReproductive rights 615 0$aWomen's rights 615 0$aSex preselection. 615 0$aSex ratio 801 0$bGPO 801 1$bGPO 801 2$bGPO 906 $aBOOK 912 $a9910701559603321 996 $aChina's one-child policy$93484382 997 $aUNINA